000 00496cam a2200193 a 4500
001 sa 68009308
003 DLC
005 20260227112542.0
008 980205s1957 ii 000 0 ben
010 _asa 68009308
040 _aDLC
_cDLC
050 0 0 _aPK1718.K3
_bP54
100 1 _aKara, Bimala,
_d1921-2003.
245 1 0 _aPiṅgalāra prema /
_cBimala Kara.
260 _aKalakātā :
_bĀbhenira,
_c1957.
300 _a158 p. ;
_c19 cm.
546 _aIn Bengali.
500 _aShort stories.
999 _c82861
_d82861